Marketingová komunikácia podniku v oblasti kozmetického priemyslu bakalárska práca

Na minha lista:
Detalhes bibliográficos
Autor principal: Vendrinská, Natália
Autor Corporativo: Obchodná fakulta EU. Katedra marketingu
Outros Autores: Nekolová, Veronika, 1984-
Formato: Livro
Idioma:eslovaco
Publicado em: Bratislava 2018
Tags: Adicionar Tag
Sem tags, seja o primeiro a adicionar uma tag!

MARC

LEADER 00000nbm a2200000 4500
001 0245053
005 20180815092854.8
041 0 |a slo 
044 |a SK 
245 1 0 |a Marketingová komunikácia podniku v oblasti kozmetického priemyslu  |b bakalárska práca  |c Natália Vendrinská ; školiteľ: Veronika Nekolová 
264 1 |a Bratislava  |c 2018 
300 |a 52 s. 
100 1 |a Vendrinská, Natália 
700 1 |a Nekolová, Veronika, 1984- 
710 2 |a Obchodná fakulta EU. Katedra marketingu